[Event "Schachfestival Basel 2014"]
[Site "Basel"]
[Date "2014.01.03"]
[Round "4.5"]
[White "Degtiarev, Evgeny"]
[Black "Grachev, Boris"]
[Result "1/2-1/2"]
[WhiteElo "2436"]
[BlackElo "2669"]
[PlyCount "120"]
[EventDate "2014.??.??"]
[EventRounds "7"]
[EventCountry "SUI"]
[SourceDate "2014.01.01"]

1. d4 Nf6 2. c4 e6 3. Nc3 d5 4. cxd5 exd5 5. Bg5 c6 6. e3 Be7 7. Bd3 Nbd7 8.
Nf3 Ne4 9. Bf4 Ndf6 10. O-O O-O 11. Qc2 Bf5 12. Ne5 g6 13. f3 Nd6 14. Bg3 Bxd3
15. Nxd3 Re8 16. Rad1 Bf8 17. Bf2 Rc8 18. Rfe1 Bg7 19. Ne5 Nd7 20. Nxd7 Qxd7
21. e4 Nb5 22. e5 Nxc3 23. Qxc3 b6 24. b4 Rc7 25. f4 Bf8 26. Rd3 Qf5 27. Rf3 c5
28. bxc5 bxc5 29. dxc5 Bxc5 30. Bxc5 Rec8 31. Qd3 Qxd3 32. Rxd3 Rxc5 33. Re2
Kf8 34. Red2 Rd8 35. Kf2 Ke7 36. Ra3 a5 37. Rb3 Rd7 38. Rb6 Rc4 39. g3 Ra4 40.
Ke3 h5 41. Kf3 Ra3+ 42. Kf2 a4 43. Re2 Rc7 44. e6 d4 45. exf7+ Kxf7 46. Rb4 d3
47. Rd2 Rc2 48. Rb2 Rac3 49. Ke3 a3 50. Rb7+ Kf6 51. Ra7 h4 52. Ra6+ Kg7 53.
gxh4 Rxd2 54. Kxd2 Rc2+ 55. Kxd3 Rxh2 56. Ke4 Rxa2 57. f5 gxf5+ 58. Kxf5 Ra1
59. Kg5 Rg1+ 60. Kf4 Ra1 1/2-1/2

[Event "Schachfestival Basel 2014"]
[Site "Basel"]
[Date "2014.01.03"]
[Round "4.6"]
[White "Kovalenko, Igor"]
[Black "Hort, Vlastimil"]
[Result "1-0"]
[WhiteElo "2643"]
[BlackElo "2439"]
[PlyCount "107"]
[EventDate "2014.??.??"]
[EventRounds "7"]
[EventCountry "SUI"]
[SourceDate "2014.01.01"]

1. c4 Nf6 2. d4 e6 3. Nc3 d5 4. Nf3 a6 5. cxd5 exd5 6. Bg5 Be7 7. e3 Be6 8. Bd3
Nbd7 9. O-O c6 10. h3 Qc7 11. Qc2 Bd6 12. Ne2 h6 13. Bf4 O-O 14. b4 Rfe8 15.
Nd2 Bxf4 16. Nxf4 Qd6 17. Rfc1 Rac8 18. a4 Qxb4 19. Rab1 Qd6 20. Rxb7 c5 21.
Nxe6 Rxe6 22. Bf5 Re7 23. Qb2 g6 24. Bxd7 Nxd7 25. dxc5 Rxc5 26. Rxc5 Qxc5 27.
Nb3 Qd6 28. Qd4 h5 29. a5 Re8 30. Qa7 Rd8 31. Nd4 Kg7 32. Rc7 Ne5 33. f4 Rd7
34. Rxd7 Nxd7 35. Nf3 Kf8 36. Qa8+ Kg7 37. Ng5 Qe7 38. Kf2 f6 39. Nf3 Qd6 40.
Qa7 Kf7 41. Nd4 Ke7 42. Qb7 Kf8 43. Qc8+ Kf7 44. f5 g5 45. Qb7 Ke8 46. Ne6 Ke7
47. Nc7 Qc5 48. Nxd5+ Kd6 49. Qxa6+ Qc6 50. Qxc6+ Kxc6 51. e4 Kb5 52. Ke3 Kxa5
53. Kd4 Kb5 54. Nxf6 1-0

[Event "Schachfestival Basel 2014"]
[Site "Basel"]
[Date "2014.01.03"]
[Round "4.7"]
[White "Mareco, Sandro"]
[Black "Dann, Matthias"]
[Result "1/2-1/2"]
[WhiteElo "2581"]
[BlackElo "2443"]
[PlyCount "125"]
[EventDate "2014.??.??"]
[EventRounds "7"]
[EventCountry "SUI"]
[SourceDate "2014.01.01"]

1. e4 c5 2. Nf3 d6 3. d4 cxd4 4. Nxd4 Nf6 5. Nc3 a6 6. f3 e6 7. Be3 b5 8. a3
Nbd7 9. g4 Nb6 10. Qd2 Bb7 11. O-O-O Nfd7 12. Kb1 Rc8 13. Rg1 Ne5 14. b3 d5 15.
f4 Ned7 16. Bg2 b4 17. Nxd5 exd5 18. exd5 Nxd5 19. Bxd5 Bxd5 20. Rge1 Nf6 21.
Nc6 Rxc6 22. Bb6+ Qe7 23. Rxe7+ Bxe7 24. Bd4 Ne4 25. Qe1 Rg6 26. axb4 Ba8 27.
h3 O-O 28. Be5 Rc8 29. f5 Rb6 30. Rd4 Nc3+ 31. Kb2 Nd5 32. c3 Bf8 33. Rd2 Re8
34. Re2 Bc6 35. Qf2 Rb7 36. Bg3 Rc8 37. Be5 Re7 38. Bd4 Rb7 39. g5 Ra8 40. Bc5
Rd7 41. f6 Nc7 42. Bxf8 Rxf8 43. Re7 Ne6 44. Rxd7 Bxd7 45. h4 g6 46. c4 h6 47.
gxh6 Kh7 48. Qe3 Bc8 49. Ka3 Rd8 50. Qa7 Rd7 51. Qb8 Rc7 52. b5 axb5 53. Qxb5
Kxh6 54. b4 Bb7 55. Kb2 Be4 56. Kc3 Bb7 57. Qe5 Kh7 58. Qd6 Kh6 59. Qe5 Kh7 60.
Kb3 Ba6 61. b5 Bxb5 62. cxb5 Rc5 63. Qd6 1/2-1/2

[Event "Schachfestival Basel 2014"]
[Site "Basel"]
[Date "2014.01.03"]
[Round "4.8"]
[White "Heimann, Andreas"]
[Black "Pelletier, Yannick"]
[Result "1/2-1/2"]
[WhiteElo "2511"]
[BlackElo "2576"]
[PlyCount "110"]
[EventDate "2014.??.??"]
[EventRounds "7"]
[EventCountry "SUI"]
[SourceDate "2014.01.01"]

1. Nf3 d5 2. g3 c6 3. Bg2 Bg4 4. c4 e6 5. O-O Nd7 6. cxd5 exd5 7. d3 Ngf6 8. h3
Bxf3 9. Bxf3 d4 10. Nd2 Be7 11. Bg2 O-O 12. Nf3 Nc5 13. Qc2 Ne6 14. Qc4 a5 15.
Bd2 Qb6 16. h4 Nd5 17. Rab1 Rfe8 18. a3 h6 19. Rfc1 Bf6 20. Kf1 Qd8 21. b4 axb4
22. axb4 Nec7 23. Ng1 Nc3 24. Ra1 N7b5 25. Rxa8 Qxa8 26. Qb3 Qa6 27. Bf3 Ra8
28. Bh5 Nd5 29. Bf3 Ndc3 30. Bh5 Nd6 31. Bf4 Qa2 32. Qxa2 Nxa2 33. Rxc6 bxc6
34. Bxd6 Ra4 35. Bf3 Nxb4 36. Bxb4 Rxb4 37. Bxc6 h5 38. Kg2 g6 39. Nh3 Bg7 40.
Bd5 Bh6 41. f4 Kf8 42. Ng1 f5 43. Nf3 Bg7 44. Bc4 Bf6 45. Kf2 Rb2 46. Kf1 Rb7
47. Kg2 Re7 48. Kf2 Ke8 49. Kf1 Kd7 50. Ke1 Kd6 51. Bg8 Kc5 52. Bc4 Kb4 53. Bg8
Kc3 54. Bd5 Kc2 55. Bc4 Kc3 1/2-1/2

[Event "Schachfestival Basel 2014"]
[Site "Basel"]
[Date "2014.01.03"]
[Round "4.9"]
[White "Braeunlin, Klaus"]
[Black "Mozharov, Mikhail"]
[Result "1-0"]
[WhiteElo "2132"]
[BlackElo "2535"]
[PlyCount "93"]
[EventDate "2014.??.??"]
[EventRounds "7"]
[EventCountry "SUI"]
[SourceDate "2014.01.01"]

1. e4 c5 2. Nf3 Nc6 3. Bb5 g6 4. O-O Bg7 5. Re1 e5 6. c3 Nge7 7. d3 O-O 8. Ba4
h6 9. Nbd2 d6 10. Nf1 f5 11. exf5 Nxf5 12. Ng3 Kh8 13. Ne4 Nfe7 14. h3 b6 15.
Nh4 Kh7 16. Nf3 d5 17. Ng3 a6 18. Rb1 b5 19. Bc2 Nf5 20. Nxf5 gxf5 21. b4 c4
22. dxc4 dxc4 23. Be3 e4 24. Nd4 Ne5 25. Qh5 Qf6 26. f4 Nd3 27. Rf1 Bd7 28. Kh2
a5 29. bxa5 Rxa5 30. a4 bxa4 31. Rb7 Be8 32. Qe2 Rf7 33. Rb8 Bd7 34. Rfb1 a3
35. Bxd3 cxd3 36. Qa2 Ra6 37. R1b7 Kg6 38. g4 fxg4 39. Rxd7 g3+ 40. Kxg3 Rxd7
41. f5+ Kh5 42. Qb1 Qh4+ 43. Kg2 Rg6+ 44. fxg6 Be5 45. Nf5 Qf6 46. Qd1+ Kxg6
47. Qg4+ 1-0

[Event "Schachfestival Basel 2014"]
[Site "Basel"]
[Date "2014.01.03"]
[Round "4.10"]
[White "Rodshtein, Maxim"]
[Black "Kashlinskaya, Alina"]
[Result "1-0"]
[WhiteElo "2683"]
[BlackElo "2422"]
[PlyCount "165"]
[EventDate "2014.??.??"]
[EventRounds "7"]
[EventCountry "SUI"]
[SourceDate "2014.01.01"]

1. c4 e5 2. Nc3 Nf6 3. Nf3 Nc6 4. a3 a5 5. d4 exd4 6. Nxd4 Bc5 7. Nb3 Bd6 8. g3
a4 9. Nd4 O-O 10. Ndb5 Be5 11. Bg2 Na5 12. Bf4 Nxc4 13. Bxe5 Nxe5 14. Nxa4 d5
15. O-O Bd7 16. Nbc3 Qe7 17. b3 Bxa4 18. bxa4 c6 19. Qd4 Rfd8 20. Qb4 Rd7 21.
Rfb1 Nc4 22. e3 Qe5 23. Rd1 Ra6 24. Rac1 Rb6 25. Qc5 Qe7 26. Qxe7 Rxe7 27. e4
Nb2 28. Rd2 g6 29. exd5 cxd5 30. a5 Rb3 31. Bxd5 Rd7 32. Bxb3 Rxd2 33. Nb5 Rd3
34. Rc3 Rd7 35. Rc7 Rxc7 36. Nxc7 Nd3 37. Bc4 Ne5 38. Bf1 Nf3+ 39. Kg2 Ne1+ 40.
Kg1 Nf3+ 41. Kh1 Ne4 42. Bc4 Nc3 43. a6 bxa6 44. Bxa6 Nd4 45. Bd3 Kf8 46. Na6
Na4 47. Nb4 Ke7 48. Kg2 Nb2 49. Nc2 Ne6 50. Be2 Kd6 51. Kf3 f5 52. Ke3 Kd5 53.
Kd2 Na4 54. Bb5 Nb6 55. Kc3 Kc5 56. Bf1 Nd5+ 57. Kd2 Nf6 58. Be2 Ne4+ 59. Ke3
Nc3 60. Bf1 Nd5+ 61. Kd3 Nf6 62. h3 Ne4 63. Ke3 Nc3 64. Bd3 Ng5 65. h4 Ne6 66.
Bf1 Nd1+ 67. Ke2 Nc3+ 68. Kd2 Ne4+ 69. Ke3 Nc3 70. Bg2 Kc4 71. Bc6 Nd1+ 72. Kf3
Kc3 73. Bd5 Nc7 74. Nb4 Nb5 75. Bg8 h6 76. Nd5+ Kd2 77. a4 Nd4+ 78. Kg2 Nb2 79.
a5 Nd3 80. a6 Nb5 81. Ne7 g5 82. Nxf5 Ke2 83. Bc4 1-0

[Event "Schachfestival Basel 2014"]
[Site "Basel"]
[Date "2014.01.03"]
[Round "4.11"]
[White "Bartel, Mateusz"]
[Black "Ben Arzi, Ido"]
[Result "1-0"]
[WhiteElo "2649"]
[BlackElo "2341"]
[PlyCount "127"]
[EventDate "2014.??.??"]
[EventRounds "7"]
[EventCountry "SUI"]
[SourceDate "2014.01.01"]

1. Nf3 g6 2. e4 d6 3. d4 Nf6 4. Bd3 Bg7 5. O-O O-O 6. h3 Nc6 7. c3 e5 8. Re1
Nh5 9. Bc4 h6 10. Be3 Kh7 11. Nbd2 Qe8 12. Nb3 f5 13. exf5 gxf5 14. dxe5 dxe5
15. Bc5 Rf6 16. Nxe5 Nxe5 17. Rxe5 Qxe5 18. Qxh5 Rg6 19. Bg8+ Kxg8 20. Qxg6 Qe6
21. Qg3 Qf7 22. Bd4 Be6 23. Re1 Bxb3 24. axb3 Rd8 25. Qxg7+ Qxg7 26. Bxg7 Kxg7
27. Re7+ Kf6 28. Rxc7 Rd2 29. Rxb7 Rxb2 30. b4 Rc2 31. Rxa7 Rxc3 32. Ra6+ Kg5
33. h4+ Kxh4 34. Rxh6+ Kg5 35. Rh8 Rb3 36. Rb8 Kf4 37. Rb5 Kg4 38. Kh2 Rb2 39.
f3+ Kf4 40. Kh3 Rb3 41. g3+ Kxf3 42. Rxf5+ Ke4 43. Rf4+ Kd5 44. Kh4 Ke5 45. Kg4
Ke6 46. Re4+ Kd5 47. Re8 Kd6 48. Rd8+ Ke6 49. Rb8 Kf6 50. Kf4 Rc3 51. Rb6+ Kf7
52. g4 Rc1 53. Kg5 Rg1 54. Rf6+ Kg7 55. Rf4 Rb1 56. Kf5 Kf7 57. Ke5+ Ke7 58.
Rc4 Re1+ 59. Kf5 Rf1+ 60. Kg6 Rf6+ 61. Kg5 Rb6 62. Rf4 Rb8 63. Kg6 Rb6+ 64. Kh5
1-0

[Event "Schachfestival Basel 2014"]
[Site "Basel"]
[Date "2014.01.03"]
[Round "4.12"]
[White "Sethuraman, SP."]
[Black "Bartel, Marta"]
[Result "1-0"]
[WhiteElo "2553"]
[BlackElo "2306"]
[PlyCount "91"]
[EventDate "2014.??.??"]
[EventRounds "7"]
[EventCountry "SUI"]
[SourceDate "2014.01.01"]

1. d4 Nf6 2. c4 g6 3. f3 Bg7 4. e4 d6 5. Ne2 O-O 6. Be3 e5 7. d5 c5 8. Nbc3 Ne8
9. Qd2 f5 10. exf5 gxf5 11. f4 Nd7 12. Ng3 e4 13. Be2 Ndf6 14. h3 a6 15. Nf1
Bd7 16. Rg1 b5 17. g4 Nc7 18. g5 Nfe8 19. Ng3 bxc4 20. Nh5 Nb5 21. Nxg7 Nxg7
22. h4 Be8 23. Bxc4 Rb8 24. Ne2 Nh5 25. a4 Na7 26. b3 Rb4 27. Qc3 a5 28. Bc1
Bg6 29. Bb2 Kf7 30. Qe3 Nc8 31. Bc3 Rb8 32. Rd1 Qb6 33. Ng3 Ne7 34. Qd2 Ra8 35.
Qe2 Nxf4 36. Qf1 Nfxd5 37. Rxd5 Nxd5 38. Bxd5+ Ke7 39. h5 Bf7 40. Bf6+ Kd7 41.
Qxf5+ Kc7 42. Qxh7 Qb4+ 43. Ke2 e3 44. Ne4 Kb6 45. Bc3 Qa3 46. Ra1 1-0

[Event "Schachfestival Basel 2014"]
[Site "Basel"]
[Date "2014.01.03"]
[Round "4.13"]
[White "Andersson, Ulf"]
[Black "Maisuradze, Nino"]
[Result "1-0"]
[WhiteElo "2546"]
[BlackElo "2279"]
[PlyCount "43"]
[EventDate "2014.??.??"]
[EventRounds "7"]
[EventCountry "SUI"]
[SourceDate "2014.01.01"]

1. Nf3 c5 2. c4 Nf6 3. g3 Nc6 4. Bg2 e5 5. Nc3 d6 6. O-O Bg4 7. d3 Qd7 8. a3
Bh3 9. Bg5 Bxg2 10. Kxg2 Be7 11. Rb1 Ng4 12. Bxe7 Nxe7 13. b4 O-O 14. bxc5 dxc5
15. Qb3 b6 16. h3 Nh6 17. Nxe5 Qf5 18. f4 Rad8 19. e4 Qe6 20. Nd5 Nc6 21. Nxc6
Qxc6 22. Ne7+ 1-0

[Event "Schachfestival Basel 2014"]
[Site "Basel"]
[Date "2014.01.03"]
[Round "4.14"]
[White "Kopylov, Michael"]
[Black "Yankelevich, Lev"]
[Result "1-0"]
[WhiteElo "2455"]
[BlackElo "2250"]
[PlyCount "67"]
[EventDate "2014.??.??"]
[EventRounds "7"]
[EventCountry "SUI"]
[SourceDate "2014.01.01"]

1. Nf3 Nf6 2. c4 g6 3. g3 Bg7 4. Bg2 d6 5. d4 O-O 6. O-O Nbd7 7. Qc2 e5 8. Rd1
exd4 9. Nxd4 Re8 10. Nc3 Nc5 11. b4 Ne6 12. Nb3 Ng4 13. Bd2 Nd4 14. Nxd4 Bxd4
15. Be1 Qf6 16. e3 Nxe3 17. fxe3 Rxe3 18. Rxd4 Qxd4 19. Qf2 Rxe1+ 20. Rxe1 Qxc3
21. Re8+ Kg7 22. Bd5 Kh6 23. h4 f6 24. Qf4+ g5 25. hxg5+ fxg5 26. Qf8+ Qg7 27.
Qf2 Qa1+ 28. Kh2 c6 29. Bg2 Qg7 30. Rd8 Kh5 31. Qe2+ g4 32. Qe8+ Qg6 33. Qe7 b6
34. Qh4# 1-0

[Event "Schachfestival Basel 2014"]
[Site "Basel"]
[Date "2014.01.03"]
[Round "4.15"]
[White "Brunner, Nicolas"]
[Black "Hess, Christian"]
[Result "1-0"]
[WhiteElo "2441"]
[BlackElo "2233"]
[PlyCount "79"]
[EventDate "2014.??.??"]
[EventRounds "7"]
[EventCountry "SUI"]
[SourceDate "2014.01.01"]

1. d4 d5 2. c4 c6 3. Nc3 Nf6 4. Nf3 dxc4 5. a4 Bf5 6. Ne5 Nbd7 7. Nxc4 Qc7 8.
g3 e5 9. dxe5 Nxe5 10. Bf4 Nfd7 11. Bg2 f6 12. O-O Rd8 13. Ne3 Bg6 14. Be4 Bf7
15. Qc2 Nc5 16. Bxh7 Bd6 17. Bxe5 Bxe5 18. Bg6 Ne6 19. Rfd1 Bd4 20. Qf5 O-O 21.
Ng4 Ng5 22. Bxf7+ Rxf7 23. e3 Bxc3 24. bxc3 Rfd7 25. Rd4 c5 26. Rxd7 Rxd7 27.
h4 Nf7 28. e4 Qc6 29. Qg6 Qe6 30. Re1 Re7 31. Re3 Rd7 32. Rf3 Kf8 33. h5 Nh8
34. Qf5 Rd1+ 35. Kh2 Qxf5 36. Rxf5 Ke7 37. Rxc5 Kd6 38. Rc8 Nf7 39. Rg8 Ke7 40.
Rxg7 1-0

[Event "Schachfestival Basel 2014"]
[Site "Basel"]
[Date "2014.01.03"]
[Round "4.16"]
[White "Lekic, Dusan"]
[Black "Andersen, Alf Roger"]
[Result "1-0"]
[WhiteElo "2417"]
[BlackElo "2232"]
[PlyCount "81"]
[EventDate "2014.??.??"]
[EventRounds "7"]
[EventCountry "SUI"]
[SourceDate "2014.01.01"]

1. d4 f5 2. g3 Nf6 3. Bg2 g6 4. Nf3 Bg7 5. O-O O-O 6. c4 d6 7. Nc3 Qe8 8. d5
Na6 9. Rb1 Bd7 10. b4 c6 11. dxc6 bxc6 12. a3 Nc7 13. Bb2 Ne6 14. c5 Rd8 15.
Qb3 Kh8 16. cxd6 exd6 17. e3 g5 18. Rfd1 f4 19. exf4 gxf4 20. Rxd6 fxg3 21.
fxg3 Bc8 22. Rbd1 Rxd6 23. Rxd6 Ng5 24. Nd1 Nd5 25. Bxg7+ Kxg7 26. Rxd5 Nxf3+
27. Bxf3 Qe1+ 28. Kg2 cxd5 29. Qxd5 Be6 30. Qd4+ Kg8 31. Nf2 Qc1 32. Qe5 Qc8
33. g4 Qe8 34. Ne4 Qg6 35. h3 Bc4 36. g5 Qb6 37. Nf6+ Rxf6 38. gxf6 Qd8 39.
Qg5+ Kf8 40. Qg7+ Ke8 41. Bh5+ 1-0

[Event "Schachfestival Basel 2014"]
[Site "Basel"]
[Date "2014.01.03"]
[Round "4.17"]
[White "Faibisovich, Vadim Z"]
[Black "Loetscher, Roland"]
[Result "1/2-1/2"]
[WhiteElo "2337"]
[BlackElo "2412"]
[PlyCount "82"]
[EventDate "2014.??.??"]
[EventRounds "7"]
[EventCountry "SUI"]
[SourceDate "2014.01.01"]

1. e4 c5 2. Nf3 g6 3. d4 cxd4 4. Nxd4 Nc6 5. c4 Nf6 6. Nc3 d6 7. Be2 Nxd4 8.
Qxd4 Bg7 9. Bg5 O-O 10. Qd2 a5 11. O-O a4 12. Rab1 Qa5 13. b4 axb3 14. axb3 Qb4
15. Qc2 Be6 16. Nd5 Bxd5 17. exd5 Rfc8 18. Rfd1 Kf8 19. h4 b5 20. Bd2 Qc5 21.
Be3 Qc7 22. g3 Qd7 23. Qd3 bxc4 24. bxc4 Ra4 25. Rdc1 Ng4 26. Bxg4 Qxg4 27. c5
dxc5 28. Rxc5 Rd8 29. Rbc1 Be5 30. R5c4 Rxc4 31. Rxc4 Qh3 32. Bh6+ Kg8 33. Re4
Ra8 34. Re1 Bd6 35. Qd4 f6 36. Qe4 Kf7 37. Bf4 Qd7 38. Bxd6 Qxd6 39. h5 Ra5 40.
hxg6+ hxg6 41. Qh4 Rxd5 1/2-1/2

[Event "Schachfestival Basel 2014"]
[Site "Basel"]
[Date "2014.01.03"]
[Round "4.18"]
[White "Kern, Johannes"]
[Black "Kurayan, Ruslan"]
[Result "1-0"]
[WhiteElo "2280"]
[BlackElo "2393"]
[PlyCount "61"]
[EventDate "2014.??.??"]
[EventRounds "7"]
[EventCountry "SUI"]
[SourceDate "2014.01.01"]

1. e3 Nf6 2. f4 g6 3. Nf3 Bg7 4. Be2 O-O 5. O-O d6 6. d3 c5 7. Nc3 Nc6 8. Qe1
Rb8 9. Qh4 b5 10. Nd1 Nb4 11. Ne1 e6 12. e4 Nd7 13. Qh3 f5 14. Ne3 Nf6 15. c3
Nxd3 16. Nxd3 fxe4 17. Nf2 e5 18. Qh4 exf4 19. Qxf4 Qe7 20. Rd1 Rb6 21. Qg5 Bb7
22. a4 d5 23. axb5 Qf7 24. Nfg4 Nxg4 25. Nxg4 h5 26. Rf1 Qe8 27. Be3 d4 28.
Rxf8+ Qxf8 29. Bc4+ Kh7 30. Rf1 Qd6 31. Rf7 1-0

[Event "Schachfestival Basel 2014"]
[Site "Basel"]
[Date "2014.01.03"]
[Round "4.19"]
[White "Maier, Christian"]
[Black "Hagesaether, Ellen"]
[Result "1-0"]
[WhiteElo "2366"]
[BlackElo "2216"]
[PlyCount "147"]
[EventDate "2014.??.??"]
[EventRounds "7"]
[EventCountry "SUI"]
[SourceDate "2014.01.01"]

1. d4 f5 2. Nf3 Nf6 3. c4 e6 4. a3 c6 5. Bf4 d5 6. e3 Bd6 7. Bxd6 Qxd6 8. b4
Nbd7 9. Be2 a5 10. c5 Qc7 11. Nc3 Ne4 12. Qc1 b5 13. cxb6 Nxb6 14. Ne5 Nxc3 15.
Qxc3 axb4 16. axb4 Rxa1+ 17. Qxa1 Nd7 18. O-O Nxe5 19. dxe5 O-O 20. Qd4 Bd7 21.
Ra1 Rb8 22. Ra7 Rb7 23. Rxb7 Qxb7 24. Qc5 Qb8 25. Qe7 Qe8 26. Qd6 Kf7 27. Bh5+
g6 28. Be2 Qe7 29. Qb8 Be8 30. g3 Kg7 31. h4 h6 32. Qb6 g5 33. hxg5 hxg5 34.
Qd4 Qf8 35. Kg2 Kh6 36. Bd1 Qg7 37. Bc2 Bh5 38. Ba4 Be2 39. f3 Bb5 40. Bc2 Qh8
41. Qa1 Qe8 42. g4 fxg4 43. fxg4 Kg7 44. Kg3 Qb8 45. Kg2 Qf8 46. Qh1 Qh8 47.
Qh5 Qxh5 48. gxh5 Be2 49. Bg6 Kh6 50. Be8 Bb5 51. Kg3 Ba4 52. Bf7 Bb5 53. Bxe6
Kxh5 54. Bf7+ Kh6 55. Be8 Kg7 56. Kg4 Kf8 57. Bg6 Ke7 58. Bf5 Ba4 59. Kxg5 Bb5
60. Kf4 Be2 61. Kg3 Bd1 62. Kf2 Bh5 63. Ke1 Bf3 64. Kd2 Kd8 65. Kc3 Kc7 66. Kd4
Kb6 67. e6 Bh5 68. Bd3 Be8 69. Be2 Bg6 70. Ke5 c5 71. Kxd5 cxb4 72. Bd1 Kc7 73.
Ba4 Kd8 74. Kd6 1-0

[Event "Schachfestival Basel 2014"]
[Site "Basel"]
[Date "2014.01.03"]
[Round "4.20"]
[White "Zenker, Ulrich"]
[Black "Zude, Erik"]
[Result "1/2-1/2"]
[WhiteElo "2217"]
[BlackElo "2363"]
[PlyCount "67"]
[EventDate "2014.??.??"]
[EventRounds "7"]
[EventCountry "SUI"]
[SourceDate "2014.01.01"]

1. e4 e5 2. Nf3 d6 3. d4 exd4 4. Qxd4 Nf6 5. e5 Qe7 6. Nc3 Nc6 7. Bb5 dxe5 8.
Qxe5 Bd7 9. Qxe7+ Bxe7 10. O-O O-O-O 11. Re1 Bc5 12. Bg5 Nd4 13. Bxf6 Nxf3+ 14.
gxf3 gxf6 15. Bxd7+ Rxd7 16. Ne4 Bd4 17. c3 Be5 18. Rad1 Rg8+ 19. Kh1 Rg6 20.
Ng3 b5 21. Rxd7 Kxd7 22. Re4 Bd6 23. a4 a6 24. axb5 axb5 25. Rh4 h6 26. f4 Bf8
27. Rh5 c6 28. Kg2 Rg8 29. Kf3 Ke6 30. b3 Rh8 31. Nf5 Rg8 32. Ng3 Rh8 33. Ke4
Rg8 34. Kf3 1/2-1/2

[Event "Schachfestival Basel 2014"]
[Site "Basel"]
[Date "2014.01.03"]
[Round "4.21"]
[White "Lerch, Patrice"]
[Black "Schaack, Harry"]
[Result "0-1"]
[WhiteElo "2363"]
[BlackElo "2211"]
[PlyCount "26"]
[EventDate "2014.??.??"]
[EventRounds "7"]
[EventCountry "SUI"]
[SourceDate "2014.01.01"]

1. e4 c6 2. Nc3 d5 3. Nf3 dxe4 4. Nxe4 Nf6 5. Nxf6+ gxf6 6. g3 Bg4 7. Bg2 Nd7
8. h3 Bh5 9. g4 Bg6 10. Nh4 e6 11. d3 f5 12. g5 Qb6 13. Qe2 Qb4+ 0-1

[Event "Schachfestival Basel 2014"]
[Site "Basel"]
[Date "2014.01.03"]
[Round "4.22"]
[White "Bhend, Edwin"]
[Black "Toth, Bela"]
[Result "0-1"]
[WhiteElo "2211"]
[BlackElo "2358"]
[PlyCount "120"]
[EventDate "2014.??.??"]
[EventRounds "7"]
[EventCountry "SUI"]
[SourceDate "2014.01.01"]

1. b3 c5 2. Bb2 Nc6 3. e3 e6 4. Nf3 Nf6 5. c4 Be7 6. Nc3 O-O 7. Be2 d6 8. a3 b6
9. Qc2 Bb7 10. O-O Ne5 11. Ne1 Ned7 12. Bf3 Qb8 13. Bxb7 Qxb7 14. f4 Rfd8 15.
Rf3 d5 16. cxd5 exd5 17. Ne2 Ne4 18. Rh3 Bf6 19. Nf3 Bxb2 20. Qxb2 Re8 21. Re1
Qc6 22. Qc2 Rac8 23. d3 Nef6 24. Ng3 h6 25. Nd2 Qe6 26. Ngf1 Nb8 27. Rg3 Nc6
28. Rc1 Qd6 29. Rf3 Qd7 30. h3 Ne7 31. Ng3 Nf5 32. Nxf5 Qxf5 33. g4 Qe6 34. Kh2
Qd6 35. Rg1 Nh7 36. Kh1 Rc7 37. Nf1 Rce7 38. Qf2 Qg6 39. Qe2 f5 40. Rfg3 fxg4
41. Rxg4 Qe6 42. Qg2 Qf7 43. Rg6 Kh8 44. Qg4 Nf8 45. Rd6 Rd7 46. Rc6 Rde7 47.
Rd6 Nd7 48. Rg6 Nf6 49. Qf5 Rf8 50. h4 Ne8 51. Qh5 Re6 52. R6g5 d4 53. f5 Qxh5
54. Rxh5 Re5 55. e4 Nf6 56. Ng3 b5 57. Rg5 hxg5 58. hxg5 Ng4 59. Ne2 Nf2+ 60.
Kg2 Nxd3 0-1

[Event "Schachfestival Basel 2014"]
[Site "Basel"]
[Date "2014.01.03"]
[Round "4.23"]
[White "Reinhart, Emmanuel"]
[Black "Vianin, Pascal"]
[Result "1-0"]
[WhiteElo "2343"]
[BlackElo "2199"]
[PlyCount "109"]
[EventDate "2014.??.??"]
[EventRounds "7"]
[EventCountry "SUI"]
[SourceDate "2014.01.01"]

1. e4 e5 2. Nf3 Nc6 3. Bb5 f5 4. d3 fxe4 5. dxe4 Nf6 6. O-O Bc5 7. Qe2 Nd4 8.
Nxd4 Bxd4 9. c3 Bb6 10. Nd2 O-O 11. Nc4 d6 12. Nxb6 axb6 13. Bg5 Be6 14. f4 Qe7
15. fxe5 dxe5 16. b4 c6 17. Bd3 b5 18. Qf2 h6 19. Bh4 g5 20. Bg3 Nxe4 21. Qe3
Nxg3 22. Qxg3 Bd5 23. Rfe1 Rf4 24. Qe3 Raf8 25. a4 bxa4 26. Rxa4 Qf7 27. Raa1
e4 28. Be2 Bc4 29. Rad1 Bxe2 30. Qxe2 Re8 31. Qe3 Qe6 32. Rd4 Qa2 33. Rd6 Re6
34. Rd8+ Rf8 35. Rd7 Ref6 36. h4 g4 37. Kh2 Qe6 38. Rd4 Qe5+ 39. Qg3 Qxg3+ 40.
Kxg3 h5 41. Rexe4 R8f7 42. Re5 Rh6 43. Rg5+ Kf8 44. Re4 Re7 45. Ree5 Rxe5 46.
Rxe5 Kf7 47. Kf4 b5 48. Kg5 Rh8 49. Rc5 Rc8 50. Kxh5 g3 51. Rg5 Kf6 52. Kg4 Rd8
53. Rc5 Rg8+ 54. Kf4 Rc8 55. Kxg3 1-0

[Event "Schachfestival Basel 2014"]
[Site "Basel"]
[Date "2014.01.03"]
[Round "4.24"]
[White "Weidt, Frank"]
[Black "Bogdanovich, Grigory"]
[Result "0-1"]
[WhiteElo "1938"]
[BlackElo "2341"]
[PlyCount "74"]
[EventDate "2014.??.??"]
[EventRounds "7"]
[EventCountry "SUI"]
[SourceDate "2014.01.01"]

1. d4 b6 2. e4 Bb7 3. Bd3 Nc6 4. c3 e5 5. d5 Nce7 6. Nf3 Ng6 7. Nbd2 c6 8. Nc4
Qc7 9. O-O b5 10. Ne3 Nf6 11. Re1 Bc5 12. Nf5 O-O 13. b4 cxd5 14. bxc5 dxe4 15.
Bg5 exf3 16. Bxf6 gxf6 17. Qd2 Kh8 18. Qh6 Rg8 19. Ne7 Qxc5 20. Nxg8 Rxg8 21.
Rab1 Qxc3 22. Bxb5 Bd5 23. Rbc1 Qb4 24. Bxd7 Bxa2 25. Bf5 Qf4 26. Qh5 fxg2 27.
Rc7 a5 28. Re3 Bc4 29. Be4 Be6 30. Bxg6 Rxg6 31. Rg3 Kg7 32. Qd1 a4 33. Ra7 Bb3
34. Qd8 Qc1+ 35. Kxg2 Bc4 36. Ra8 Bf1+ 37. Kf3 Qf4# 0-1

[Event "Schachfestival Basel 2014"]
[Site "Basel"]
[Date "2014.01.03"]
[Round "4.25"]
[White "Vulevic, Vjekoslav"]
[Black "Hess, Max"]
[Result "0-1"]
[WhiteElo "2341"]
[BlackElo "2005"]
[PlyCount "108"]
[EventDate "2014.??.??"]
[EventRounds "7"]
[EventCountry "SUI"]
[SourceDate "2014.01.01"]

1. c4 g6 2. Nc3 Bg7 3. e3 Nf6 4. d4 O-O 5. Bd3 d6 6. Nge2 c5 7. d5 e6 8. O-O
exd5 9. cxd5 a6 10. a4 Re8 11. h3 Nbd7 12. f4 Rb8 13. a5 b5 14. axb6 Nxb6 15.
e4 c4 16. Bc2 Qc7 17. Kh2 Nbd7 18. g4 Nc5 19. Ng3 Nb3 20. Bxb3 Rxb3 21. Ra2 Qb6
22. Qf3 Nd7 23. Rf2 Bd4 24. Rg2 Nc5 25. f5 Nd3 26. Bd2 Rxb2 27. Na4 Qb3 28.
Nxb2 Qxa2 29. Nxd3 cxd3 30. Be3 Qa1 31. Bxd4 Qxd4 32. Rd2 Bd7 33. Rxd3 Qb2+ 34.
Qg2 Qxg2+ 35. Kxg2 a5 36. Ra3 a4 37. Kf3 Kg7 38. h4 Rb8 39. Ke3 Rb3+ 40. Rxb3
axb3 41. Kd2 Kf6 42. g5+ Ke5 43. fxg6 fxg6 44. h5 Kf4 45. hxg6 hxg6 46. Ne2+
Kxe4 47. Kc3 Kf5 48. Kxb3 Kxg5 49. Kc4 Kf5 50. Kd4 g5 51. Ng3+ Kf4 52. Nh5+ Kf3
53. Nf6 g4 54. Ne4 g3 0-1

[Event "Schachfestival Basel 2014"]
[Site "Basel"]
[Date "2014.01.03"]
[Round "4.26"]
[White "Maeurer, Christoph"]
[Black "Buttenmueller, Thomas"]
[Result "0-1"]
[WhiteElo "2277"]
[BlackElo "2143"]
[PlyCount "106"]
[EventDate "2014.??.??"]
[EventRounds "7"]
[EventCountry "SUI"]
[SourceDate "2014.01.01"]

1. Nf3 Nf6 2. c4 g6 3. Nc3 d5 4. cxd5 Nxd5 5. Qc2 Nc6 6. d4 Nb6 7. Bf4 Nxd4 8.
Nxd4 Qxd4 9. Bxc7 Qc5 10. Bxb6 axb6 11. e3 Bd7 12. Bd3 Bg7 13. O-O O-O 14. Rfc1
Rfc8 15. Be4 Bc6 16. Bxc6 Rxc6 17. g3 Qb4 18. Qb3 Qxb3 19. axb3 Rxa1 20. Rxa1
Bxc3 21. bxc3 Rxc3 22. Ra7 Rc7 23. Ra4 Kf8 24. Rb4 Rc6 25. Kf1 Ke8 26. Ke2 Kd7
27. Kd3 Kc7 28. g4 Rd6+ 29. Kc3 g5 30. h4 gxh4 31. g5 h6 32. Rxh4 hxg5 33. Rg4
f6 34. f4 gxf4 35. Rxf4 b5 36. Re4 e5 37. Rh4 Kc6 38. e4 Rd4 39. Rh6 b4+ 40.
Kc2 Rd6 41. Rh7 b6 42. Rg7 b5 43. Rh7 Kc5 44. Rh1 Ra6 45. Kd3 Ra2 46. Rf1 Rb2
47. Rxf6 Rxb3+ 48. Kd2 Kd4 49. Rb6 Rd3+ 50. Ke2 Re3+ 51. Kd2 Rxe4 52. Rxb5 Kc4
53. Rb8 Kb3 0-1